| 000 | 02389nas1a22003491i 4500 | ||
|---|---|---|---|
| 001 | RU\NLR\INFOCOMM7\1000002391 | ||
| 005 | 20260407050432.0 | ||
| 035 | _a(NLR Aleph) 002450510 | ||
| 090 |
_a2158829 _c2158829 |
||
| 100 | _a20040315c1956 |||y0rusy50 ca | ||
| 101 | 0 | _arus | |
| 102 | _aRU | ||
| 110 | _azyu||||0|y0 | ||
| 200 | 1 |
_aИнформационный листок ... _fСССР. М-во строит. предприятий металлург. и хим. пром. Главстройдеталь. Проектно-конструкторская контора Индустройпроект |
|
| 210 |
_aМ. _cПромстройиздат _d1956- |
||
| 430 | 0 |
_12001#$aИнформационный бюллетень _tИнформационный бюллетень |
|
| 710 | 0 | 2 |
_a"Индустройпроект", контора _cМосква _3RU\NLR\AUTH\8810019463 _9536816 |
| 712 | 0 | 2 |
_4570 _a"Оргстрой", бюро _cМосква _3RU\NLR\AUTH\8819783 _9312919 |
| 801 | 1 |
_aRU _bInfoComm _c20040315 |
|
| 801 | 0 |
_aRU _bNLR _gPSBO |
|
| 852 |
_aNLR _jП10/1887 |
||
| 942 | _cSE | ||
| 980 | _aRUSPER | ||